[Event "DSOL 04 Liga Gr-C 1st"]
[Site "Playchess.com INT"]
[Date "2020.08.03"]
[Round "7.4"]
[White "Jamal Eldin, Mohamed Diaa"]
[Black "Boettger, Joerg"]
[Result "0-1"]
[WhiteElo "1436"]
[BlackElo "1670"]
[PlyCount "50"]
[EventDate "2020.06.22"]
[EventType "team-tourn (rapid)"]
[EventCountry "GER"]
[SourceTitle "EXT 2021"]
[Source "ChessBase"]
[SourceDate "2020.10.23"]
[SourceVersion "1"]
[SourceVersionDate "2020.10.23"]
[SourceQuality "1"]
[WhiteTeam "Alzenau Koenigsspringer"]
[BlackTeam "Gerolzhofen"]
[WhiteTeamCountry "GER"]
[BlackTeamCountry "GER"]

1. e4 e6 2. Nf3 d5 3. e5 c5 4. d4 cxd4 5. Nxd4 Nc6 6. Bf4 a6 7. Nc3 Bc5 8. Nf3 Nge7 9. Bd3 Ng6 10. Bxg6 hxg6 11. 0-0 Bd7 12. h3 Ne7 13. a3 Nf5 14. b4 Be7 15. Ne2 g5 16. Bh2 Bb5 17. Re1 Rc8 18. Ned4 Nxd4 19. Nxd4 Bc4 20. Qg4 Qb6 21. c3 Bd3 22. Re3 Rh4 23. Qd1 Bg6 24. Bg3 Rh6 25. Qg4 Bh5 0-1

[Event "DSOL 04 Liga Gr-C 1st"]
[Site "Playchess.com INT"]
[Date "2020.07.06"]
[Round "3.4"]
[White "Lindges, Claus"]
[Black "Boettger, Joerg"]
[Result "1/2-1/2"]
[WhiteElo "1413"]
[BlackElo "1670"]
[PlyCount "96"]
[EventDate "2020.06.22"]
[EventType "team-tourn (rapid)"]
[EventCountry "GER"]
[SourceTitle "EXT 2021"]
[Source "ChessBase"]
[SourceDate "2020.10.23"]
[SourceVersion "1"]
[SourceVersionDate "2020.10.23"]
[SourceQuality "1"]
[WhiteTeam "Lauenburg SV"]
[BlackTeam "Gerolzhofen"]
[WhiteTeamCountry "GER"]
[BlackTeamCountry "GER"]

1. d4 e6 2. e4 d5 3. e5 c5 4. Nf3 cxd4 5. Nxd4 Nc6 6. Bb5 Bd7 7. Bxc6 bxc6 8. 0-0 Ne7 9. Nc3 Ng6 10. Re1 Be7 11. Nf3 0-0 12. Bd2 Rb8 13. b3 c5 14. Ne2 Bc6 15. Nf4 Qc7 16. c3 Rbd8 17. Qe2 Qb7 18. Rad1 d4 19. cxd4 Bxf3 20. Qxf3 Qxf3 21. gxf3 Nxf4 22. Bxf4 cxd4 23. Rd3 Rd5 24. Red1 Rfd8 25. Bg3 Bb4 26. f4 g6 27. f3 Bc3 28. Be1 Rc8 29. Kf1 a5 30. Rc1 Rdc5 31. Bf2 Kf8 32. Rcd1 Rd5 33. Rc1 Rdc5 34. Ke2 Ke8 35. Rcd1 Rd5 36. a3 Bb2 37. a4 Rc2+ 38. R1d2 Rxd2+ 39. Kxd2 Bc3+ 40. Kc2 Kd7 41. h4 Kc6 42. Rd1 Rd7 43. Kd3 Kd5 44. Rb1 Rb7 45. Bg1 Rb4 46. Bf2 Rb7 47. Bg1 Rc7 48. Rc1 Rb7 1/2-1/2

[Event "Regionalliga NW 0910"]
[Site "Bayern"]
[Date "2010.03.21"]
[Round "8.7"]
[White "Stumpf, Hilmar"]
[Black "Boettger, Joerg"]
[Result "1-0"]
[WhiteElo "1863"]
[BlackElo "1693"]
[PlyCount "61"]
[EventDate "2009.10.18"]
[EventType "team-tourn"]
[EventRounds "9"]
[EventCountry "GER"]
[SourceTitle "EXT 2011"]
[Source "ChessBase"]
[SourceDate "2010.11.26"]
[SourceVersion "1"]
[SourceVersionDate "2010.11.26"]
[SourceQuality "1"]
[WhiteTeam "Nordhalben"]
[BlackTeam "Prichsenstadt"]
[WhiteTeamCountry "GER"]
[BlackTeamCountry "GER"]

1. d4 d5 2. e3 e6 3. Nf3 c5 4. c4 Nc6 5. a3 cxd4 6. exd4 Nf6 7. Nc3 Be7 8. Be2 dxc4 9. Bxc4 a6 10. 0-0 b5 11. Ba2 0-0 12. Bf4 b4 13. axb4 Nxb4 14. Bb3 Bb7 15. Be3 Rc8 16. Ne5 Ne4 17. Rc1 Nd5 18. Nxd5 Rxc1 19. Nxe7+ Qxe7 20. Bxc1 f6 21. Nf3 Rd8 22. Qe2 Kh8 23. Rd1 Qd6 24. Bc2 Ng5 25. Nxg5 fxg5 26. Qh5 g6 27. Bxg6 Rd7 28. Bxg5 Qc6 29. f3 Qa4 30. Bc2 Qxc2 31. Bf6+ 1-0

[Event "Regionalliga NW 0910"]
[Site "Bayern"]
[Date "2010.02.28"]
[Round "7.7"]
[White "Boettger, Joerg"]
[Black "Schleupner, Kurt"]
[Result "1/2-1/2"]
[WhiteElo "1693"]
[BlackElo "1934"]
[PlyCount "57"]
[EventDate "2009.10.18"]
[EventType "team-tourn"]
[EventRounds "9"]
[EventCountry "GER"]
[SourceTitle "EXT 2011"]
[Source "ChessBase"]
[SourceDate "2010.11.26"]
[SourceVersion "1"]
[SourceVersionDate "2010.11.26"]
[SourceQuality "1"]
[WhiteTeam "Prichsenstadt"]
[BlackTeam "Hof"]
[WhiteTeamCountry "GER"]
[BlackTeamCountry "GER"]

1. e4 c5 2. c4 Nc6 3. g3 g6 4. Nc3 Bg7 5. Nge2 d6 6. Bg2 e6 7. d3 Nge7 8. Rb1 0-0 9. 0-0 Rb8 10. Be3 Nd4 11. Qd2 a6 12. b4 Bd7 13. bxc5 dxc5 14. Bf4 e5 15. Be3 Bc6 16. Nd5 Bxd5 17. cxd5 Nc8 18. Rfc1 Qd6 19. f4 Re8 20. fxe5 Bxe5 21. Nxd4 cxd4 22. Bf4 f6 23. Rc4 Na7 24. Rcb4 Nb5 25. R4b2 b6 26. Bh3 Nc3 27. Be6+ Rxe6 28. dxe6 Qxe6 29. a4 1/2-1/2

[Event "Regionalliga NW 0910"]
[Site "Bayern"]
[Date "2009.12.13"]
[Round "4.7"]
[White "Schmidt, Volker2222"]
[Black "Boettger, Joerg"]
[Result "1-0"]
[WhiteElo "1874"]
[BlackElo "1693"]
[PlyCount "105"]
[EventDate "2009.10.18"]
[EventType "team-tourn"]
[EventRounds "9"]
[EventCountry "GER"]
[SourceTitle "EXT 2011"]
[Source "ChessBase"]
[SourceDate "2010.11.26"]
[SourceVersion "1"]
[SourceVersionDate "2010.11.26"]
[SourceQuality "1"]
[WhiteTeam "Bindlach II"]
[BlackTeam "Prichsenstadt"]
[WhiteTeamCountry "GER"]
[BlackTeamCountry "GER"]

1. d4 e6 2. c4 d5 3. Nc3 Nf6 4. Nf3 Be7 5. Bf4 c6 6. e3 Ne4 7. Bd3 f5 8. h4 Nd7 9. Qc2 a6 10. h5 Ndf6 11. Ne5 Nd6 12. c5 Nf7 13. 0-0-0 Nxe5 14. Bxe5 b5 15. f3 0-0 16. g4 Nd7 17. Bf4 e5 18. Bg3 e4 19. fxe4 fxe4 20. Nxe4 dxe4 21. Bxe4 Nf6 22. Bxc6 Bxg4 23. Rdg1 Ra7 24. Be5 Qc8 25. Qg2 Rf7 26. b4 Qe6 27. Bb8 Qxe3+ 28. Qd2 Qxd2+ 29. Kxd2 Rd7 30. Be5 Be6 31. Bxd7 Nxd7 32. Re1 Bg5+ 33. Kc3 Rf3+ 34. Kb2 Rf2+ 35. Kb1 Bxa2+ 36. Ka1 Bd5 37. Rhf1 Ra2+ 38. Kb1 Ra3 39. Bd6 Rb3+ 40. Kc2 Bf6 41. Re8+ Kf7 42. Re7+ Kg8 43. Re8+ Kf7 44. Re7+ Kg8 45. Rxd7 Rxb4 46. Be5 Rc4+ 47. Kd3 Bg2 48. Rg1 Bh3 49. Bxf6 Bf5+ 50. Kd2 Bxd7 51. Rxg7+ Kf8 52. Rxd7 a5 53. Rxh7 1-0